000 01333nam a2200337 a 4500
001 000113030
003 CHAP
005 20220329144334.0
008 170322s2016 mx sm |||||||spa d
010 _a109491
011 _a110463
040 _cCHAP
090 _aTesis
100 1 _aRivera Martínez, Pamela
_9131796
245 1 0 _aComportamiento productivo de pollos de engorda alimentados con dietas con pasta de higuerilla (Ricinus communis L.)
_h[En línea]
_cpor Pamela Rivera Martínez.
260 _aChapingo, Méx. :
_bEl autor,
_c2016.
500 _aPara ver el contenido del material haga clic en la liga
502 _aTesis (Ing. Agr. Esp. en Zootecnia) -- UACH. Departamento de Enseñanza Investigación y Servicio en Zootecnia
590 _aE5765TAJ
_b05
_c20170322
_lUCH01
_h0935
590 _aE5765TAJ
_b05
_c20170322
_lUCH01
_h0937
590 _aE5765TAJ
_b05
_c20170322
_lUCH01
_h0940
650 1 4 _aPasta de higuerilla en nutrición animal.
_9131798
650 1 4 _aPasta de higuerilla
_xDetoxificación.
_9129741
650 1 4 _aPollos de engorde
_xEnergía metabólica.
_9131797
650 1 4 _aPollos de engorde
_xRendimiento.
_9127013
650 1 4 _aPollos
_xAlimentación.
_990268
856 _aFinding aid
_uhttp://10.13.5.2/tesis/sist113030.pdf
_zTeclea aquí
901 _aBK
942 _cTESIS
942 _n0
999 _c109491
_d109491